Statistiques concernant Petit Bac: Les Pokémon de type Electrique

Cliquez ici pour prendre le quiz!

Statistiques générales

  • Ce quiz a été pris 278 fois
    (110 depuis la dernière actualisation)
  • Le résultat moyen est 13 sur 18

Statistiques - réponses

LettrePokémon% Correct
PPachirisu / Paume-de-Fer / Pelage-Sablé / Pichu / Pikachu / Pharamp / Plumeline / Pohm / Pohmarmotte / Pohmotte / Posipi
100%
RRacaillou / Raichu / Raikou / Regieleki
95%
EElecthor / Electrode / Elecsprint / Elekable / Elekid / Elektek / Emolga / Epine-de-Fer
92%
LLainergie / Lampéroie / Lanturn / Limonde / Lixy /Loupio / Lucanon / Luxray / Luxio
92%
VVoltali / Voltorbe / Voltoutou
89%
MMagneti / Magneton / Magnezone / Miraidon / Morpéko / Motisma / Mygavolt
87%
WWattapik / Wattouat
87%
DDedenne / Dynavolt
83%
ZZapétrel / Zébibron / Zéblitz / Zékrom / Zeraora
82%
NNégapi
72%
AAmpibidou / Anchwatt
63%
GGalvagla / Galvagon / Galvaran / Gravalanch / Grolem
62%
IIguolta / Ire-Foudre
59%
SSalarsen / Statitik
59%
TTêtampoule / Togedemaru / Tokorico / Toxizap
59%
OOhmassacre
57%
FFulgudog / Fulgulairo / Fulguris
54%
CCâblifère / Chrysapile
45%

Distribution des résultats

Percentile par nombre de réponses

% des personnes avec chaque résultat

Votre développement - résultats

Vous n’avez pas pris ce quiz depuis la dernière actualisation